Ihya Ulum Al-Din (Record no. 1803)

MARC details
000 -LEADER
fixed length control field 00567nam a2200229 a 4500
020 ## - INTERNATIONAL STANDARD BOOK NUMBER
ISBN
082 00 - DEWEY DECIMAL CLASSIFICATION NUMBER
Classification number 297.4
Author Cutter BOU
100 ## - MAIN ENTRY--AUTHOR NAME
Author name Bousquet, G H
245 ## - TITLE STATEMENT
Title Ihya Ulum Al-Din
Sub title ghazali Virification Der Science De La Foi
260 ## - PUBLICATION, DISTRIBUTION, ETC. (IMPRINT)
Place of publication Paris
Name of publisher No Publishers
Year of publication 1955
300 ## - PHYSICAL DESCRIPTION
Number of Pages 466p
500 ## - GENERAL NOTE
General note includes index and biblioraphy
650 ## - SUBJECT ADDED ENTRY--TOPICAL TERM
Topical Term Sufism
942 ## - ADDED ENTRY ELEMENTS (KOHA)
Koha item type Books
700 1# -
-- Bousquet, G H
Holdings
Collection code Home library Current library Date acquired Cost, normal purchase price Full call number Accession Number Koha item type
  Henry Martyn Institute Library Henry Martyn Institute Library 09/27/2007 100.00 297.4 BOU 00216 Books
                   Copyright © 2026 | Henry Martyn Institute | Hyderabad | TS-500052 | INDIA | Implemented by hmi.edu.in
Hit-Count:

Powered by Koha